| 000 | 00775pam a2200241 a 4500 | ||
|---|---|---|---|
| 008 | |||
| 020 | _a0781731097 (pbk.) | ||
| 049 | _aMAIN | ||
| 090 |
_aR726.5 _bFAD |
||
| 100 | 1 | _aFadem, Barbara. | |
| 245 | 1 | 0 |
_aHigh-yield behavioral science / _cBarbara Fadem. |
| 260 |
_aPhiladelphia : _bLippincott Williams & Wilkins, _cc1996. |
||
| 300 |
_axi, 102 p. : _bill. ; _c25 cm. |
||
| 650 | 0 |
_aMedicine and psychology _xOutlines, syllabi, etc. |
|
| 650 | 0 |
_aPsychology, Pathological _xOutlines, syllabi, etc. |
|
| 650 | 1 | 2 |
_aBehavioral Sciences _xoutlines. |
| 650 | 1 | 2 |
_aMental Disorders _xoutlines. |
| 907 |
_a.b10360712 _b09-09-15 _c03-09-15 |
||
| 003 | |||
| 005 | 20230123122148.0 | ||
| 040 | _cNUST | ||
| 942 |
_cBOOKS _kR726.5 _mFAD |
||
| 999 |
_c128869 _d128869 |
||